000
00346nam a22001577a 4500
020
_a
9971-51-311-0
041
_a
ENG
100
_a
Cochran.W.G
245
_a
Experimental Designs
250
_a
Second Edition
260
_a
New York
_b
John Wiley and Sons
_c
1192
300
_a
611
650
_a
maths
700
_a
Cox.G.M
856
_u
M.Tech ( 7 )
999
_c
1048
_d
1048